000 00184nam a2200085Ia 4500
008 120527s9999 xx 000 0 und d
100 _aCole Don
245 _aMicroeconomics
942 _cBK
999 _c26832
_d26832